Sports Quiz

Random Sports Quiz
Score 0/50 Timer 08:00
0 Plays Today
team player % Correct
thunderkevin durant
97.4%
heatlebron james
96.1%
heatdwayne wade
96.1%
lakersdwight howard
96.1%
thunderrussel westbrook
94.7%
pacersdavid west
93.3%
clipperschris paul
92.1%
timberwolveskevin love
90.8%
mavsdirk nowitzki
90.8%
lakerskobe bryant
90.8%
knickscarmelo anthony
89.5%
clippersblake griffin
88.3%
celticsrajon rondo
88.3%
lakerspau gasol
88.2%
heatchris bosh
86.7%
spurstony parker
86.7%
celticskevin garnett
86.7%
grizzliesmarc gasol
86.7%
celticspaul pierce
86.7%
lakerssteve nash
86.2%
bullsderrick rose
85.5%
netsderon williams
85.5%
knicksamare stoudemire
84.2%
spurstim duncan
83.3%
wizardsjohn wall
81.7%
team player % Correct
hawksjosh smith
81.6%
rocketsjames harden
81%
netsjoe johnson
81%
grizzlieszach randolph
78.9%
warriorsstephen curry
77.6%
76ersandrew bynum
76.7%
pacersdanny granger
76.7%
blazerslamarcus aldridge
76.3%
bullscarlos boozer
76.3%
bucksmonta ellis
75%
thunderserge ibaka
74.6%
spursmanu ginobili
74.1%
cavskyrie irving
69%
pacersroy hibbert
69%
jazzal jefferson
67.1%
76ersjrue holiday
66.7%
timberwolvesricky rubio
63.8%
nuggetsty lawson
62.1%
kingsdemarcus cousins
61%
grizzliesrudy gay
60.3%
hornetseric gordon
56.9%
jazzpaul millsap
52.5%
nuggetsnene
48.3%
celticsjason terry
43.1%
nuggetsandre iguodala
38.3%
Remove Ads.
Support Sporcle.
Get the best of Sporcle when you Go Orange. This ad-free experience offers more features, more stats, and more fun while also helping to support Sporcle. Thank you for becoming a member.

You're not logged in!

Compare scores with friends on all Sporcle quizzes.
OR
Log In

Show Comments

Extras

Created Jul 23, 2012ReportNominate
Tags:100, 2012, Scorer

Top Quizzes Today


Score Distribution

Your Account Isn't Verified!

In order to create a playlist on Sporcle, you need to verify the email address you used during registration. Go to your Sporcle Settings to finish the process.

Report this User

Report this user for behavior that violates our Community Guidelines.

Details: